Mathematics for the environment / (Record no. 329372)

000 -LEADER
fixed length control field 01121cam a22003017a 4500
001 - CONTROL NUMBER
control field 16832653
003 - CONTROL NUMBER IDENTIFIER
control field Nust
005 - DATE AND TIME OF LATEST TRANSACTION
control field 20170504105259.0
008 - FIXED-LENGTH DATA ELEMENTS--GENERAL INFORMATION
fixed length control field 110617s2011 fluad b 001 0 eng
010 ## - LIBRARY OF CONGRESS CONTROL NUMBER
LC control number 2011282340
015 ## - NATIONAL BIBLIOGRAPHY NUMBER
National bibliography number GBB0A8127
Source bnb
016 7# - NATIONAL BIBLIOGRAPHIC AGENCY CONTROL NUMBER
Record control number 015644741
Source Uk
020 ## - INTERNATIONAL STANDARD BOOK NUMBER
International Standard Book Number 9781439834725 (hbk.)
020 ## - INTERNATIONAL STANDARD BOOK NUMBER
International Standard Book Number 1439834725 (hbk.)
035 ## - SYSTEM CONTROL NUMBER
System control number (OCoLC)ocn462925808
040 ## - CATALOGING SOURCE
Original cataloging agency UKM
Transcribing agency UKM
Modifying agency BTCTA
-- YDXCP
-- BWX
-- MIA
-- AGL
-- CDX
-- DLC
042 ## - AUTHENTICATION CODE
Authentication code lccopycat
050 00 - LIBRARY OF CONGRESS CALL NUMBER
Classification number GE45.M38
Item number W35 2011
082 04 - DEWEY DECIMAL CLASSIFICATION NUMBER
Classification number 510 WAL
Edition number 22
100 1# - MAIN ENTRY--PERSONAL NAME
Personal name Walter, Martin E.
Fuller form of name (Martin Edward)
245 10 - TITLE STATEMENT
Title Mathematics for the environment /
Statement of responsibility, etc. Martin Walter.
260 ## - PUBLICATION, DISTRIBUTION, ETC.
Place of publication, distribution, etc. Boca Raton, FL ;
-- London :
Name of publisher, distributor, etc. Chapman & Hall/CRC Press,
Date of publication, distribution, etc. c2011.
300 ## - PHYSICAL DESCRIPTION
Extent xxvi, 653 p. :
Other physical details ill., charts ;
Dimensions 25 cm.
500 ## - GENERAL NOTE
General note H.B
504 ## - BIBLIOGRAPHY, ETC. NOTE
Bibliography, etc. note Includes bibliographical references (p. 593-640) and index.
650 #0 - SUBJECT ADDED ENTRY--TOPICAL TERM
Topical term or geographic name entry element Environmental sciences
General subdivision Mathematics.
650 #0 - SUBJECT ADDED ENTRY--TOPICAL TERM
Topical term or geographic name entry element Mathematics.
906 ## - LOCAL DATA ELEMENT F, LDF (RLIN)
a 7
b cbc
c copycat
d 2
e ncip
f 20
g y-gencatlg
942 ## - ADDED ENTRY ELEMENTS (KOHA)
Source of classification or shelving scheme
Koha item type Book
Call number prefix 510 WAL
Holdings
Withdrawn status Lost status Source of classification or shelving scheme Damaged status Not for loan Collection code Permanent Location Current Location Shelving location Date acquired Total Checkouts Full call number Barcode Date last seen Price effective from Koha item type
            Central Library (CL) Central Library (CL) General Stacks 05/04/2017   510 WAL IESE-2862 05/04/2017 05/04/2017 Book
© 2023 Central Library, National University of Sciences and Technology. All Rights Reserved.